Countries That Begin With The Same Two Letters - Statistics

General Stats
  • This quiz has been taken 621 times
    53 since last reset
  • The average score is 82 of 138
Answer Stats
First Two Letters Answer % Correct
An Andorra
92%
Al Albania
86%
Au Australia
86%
Al Algeria
83%
In India
83%
Es Estonia
81%
In Indonesia
81%
Au Austria
78%
Ch Chile
78%
Do Dominica
78%
Es Eswatini
78%
Ir Iran
78%
Ir Iraq
78%
Ja Jamaica
78%
Ja Japan
78%
An Antigua and Barbuda
75%
Ba Bahamas
75%
Be Belguim
75%
Bo Bolivia
75%
Bu Bulgaria
75%
Ch China
75%
Do Dominican Republic
75%
Fi Finland
75%
Ge Germany
75%
Ir Ireland
75%
Ar Armenia
72%
Ga Gambia
72%
Gr Grenada
72%
Gu Guinea
72%
An Angola
69%
Ar Argentina
69%
Bo Botswana
69%
Br Brazil
69%
Ca Canada
69%
Co Colombia
69%
Fi Fiji
69%
La Latvia
69%
Li Lithuania
69%
So South Sudan
69%
Su Sudan
69%
Ba Bahrain
67%
Ba Barbados
67%
Be Belarus
67%
Bu Burundi
67%
Gr Greece
67%
Gu Guatemala
67%
Ma Mauritania
67%
Po Poland
67%
So South Africa
67%
Ga Gabon
64%
Gu Guyana
64%
Ma Mauritius
64%
No North Macedonia
64%
No Norway
64%
Pa Paraguay
64%
Sl Slovakia
64%
So South Korea
64%
To Togo
64%
Br Brunei
61%
Gu Guinea-Bissau
61%
Li Liberia
61%
Ma Malawi
61%
Pa Panama
61%
Sl Slovenia
61%
To Tonga
61%
Tu Tuvalu
61%
Va Vanuatu
61%
Ba Bangladesh
58%
Be Belize
58%
Be Benin
58%
Ch Chad
58%
Co Comoros
58%
De Democratic Republic of the Congo
58%
De Denmark
58%
Le Lebanon
58%
Le Lesotho
58%
Li Libya
58%
Li Liechtenstein
58%
Ma Mali
58%
Mo Morocco
58%
Ni Niger
58%
Sw Sweden
58%
Sw Switzerland
58%
Ca Cambodia
56%
Ni Nigeria
56%
Tu Turkmenistan
56%
Un United Arab Emirates
56%
Un United Kingdom
56%
Ma Madagascar
53%
Mo Mozambique
53%
Na Namibia
53%
Ne Nepal
53%
Ne New Zealand
53%
Pa Pakistan
53%
Pa Palau
53%
Po Portugal
53%
Sa Saint Lucia
53%
Sa Saint Vincent and the Grenadines
53%
So Somalia
53%
Tu Turkey
53%
Un United States of America
53%
Va Vatican City
53%
Ma Malaysia
50%
Ma Malta
50%
No North Korea
50%
Sa Saint Kitts and Nevis
50%
Se Senegal
50%
Tu Tunisia
50%
Bo Bosnia and Herzegovina
47%
La Laos
47%
Ne Netherlands
47%
Ni Nicaragua
47%
Si Singapore
47%
Bu Burkina Faso
44%
Ca Cameroon
44%
Mo Mongolia
44%
Ta Tajikistan
44%
Ta Tanzania
44%
Ca Cape Verde
42%
Ge Georgia
42%
Ma Maldives
42%
Na Nauru
42%
Pa Papua New Guinea
42%
Sa Samoa
42%
Sa Sao Tome and Principe
42%
Se Serbia
42%
Su Suriname
42%
Ta Taiwan
42%
Mo Montenegro
39%
Sa San Marino
39%
Sa Saudi Arabia
39%
Se Seychelles
39%
Mo Monaco
36%
Co Costa Rica
33%
Mo Moldova
33%
Si Sierra Leone
31%
So Solomon Islands
28%
Ma Marshall Islands
25%
No matching quizzes found
Score Distribution
Percent of People with Each Score
Percentile by Number Answered
Your Score History
You have not taken this quiz since the last reset